Catalog

Record Details

Catalog Search



Every last one : a novel  Cover Image Book Book

Every last one : a novel / Anna Quindlen.

Quindlen, Anna. (Author).

Summary:

Mary Beth Latham is first and foremost a mother, whose three teenaged children come first, before her career as a landscape gardener, or even her life as the wife of a doctor. Caring for her family and preserving their everyday life is paramount. And so, when one of her sons, Max, becomes depressed, Mary Beth becomes focused on him, and is blindsided by a shocking act of violence.

Record details

  • ISBN: 9781400065745
  • ISBN: 1400065747
  • Physical Description: 299 pages ; 25 cm.
  • Edition: First edition.
  • Publisher: New York : Random House, ©2010.
Subject: Mothers and sons > Fiction.
Families > Fiction.
Depression in adolescence > Fiction.
Fear > Fiction.
Domestic fiction.
Psychological fiction.

Available copies

  • 1 of 1 copy available at scottsboropl.

Holds

  • 0 current holds with 1 total copy.
Show Only Available Copies
Location Call Number / Copy Notes Barcode Shelving Location Status Due Date
scottsboropl F Qui 32269000856420 Adult - Fiction Available -

LDR 01352pam a2200325 a 4500
001121203
003CONS
00520150512154743.0
008100405s2010 nyu 000 1 eng d
020 . ‡a9781400065745
020 . ‡a1400065747
035 . ‡a(CPomAG)LMN438656
050 4. ‡aPS3567.U336 ‡bE95 2010
08204. ‡a813/.54 ‡222
1001 . ‡aQuindlen, Anna.
24510. ‡aEvery last one : ‡ba novel / ‡cAnna Quindlen.
2463 . ‡aEvery last 1
250 . ‡aFirst edition.
260 . ‡aNew York : ‡bRandom House, ‡c©2010.
300 . ‡a299 pages ; ‡c25 cm.
520 . ‡aMary Beth Latham is first and foremost a mother, whose three teenaged children come first, before her career as a landscape gardener, or even her life as the wife of a doctor. Caring for her family and preserving their everyday life is paramount. And so, when one of her sons, Max, becomes depressed, Mary Beth becomes focused on him, and is blindsided by a shocking act of violence.
650 0. ‡aMothers and sons ‡vFiction.
650 0. ‡aFamilies ‡vFiction.
650 0. ‡aDepression in adolescence ‡vFiction.
650 0. ‡aFear ‡vFiction.
650 0. ‡aDomestic fiction.
650 0. ‡aPsychological fiction.
914 . ‡dNAC_cp
959 . ‡i32269000856420 ‡lF Qui ‡aAdult - Fiction ‡tFiction ‡g26.00
852 . ‡p32269000856420 ‡jF Qui ‡gAdult - Fiction ‡cFiction ‡y26.00 ‡bSBPL
901 . ‡a121203 ‡bUnknown ‡c121203 ‡tbiblio

Additional Resources